01549 a2200169 45000010006000000050017000060080041000230030015000640400040000790800083001192450059002020200018002612640057002793000019003365051003003551000021013584779720260407155744.0260407a1985 arg spa dAR-UNSa-BCEJYS aAR-UNSa-BCEJYSbspacAR-UNSa-BCEJYS a658.15xAdministración financiera privada. Gestión financiera de empresas 10aIntroducción al análisis de decisiones financieras a950-541-024-7 1aBuenos Aires :bEdiciones Contabilidad Modernac1985 a382 p.c22 cm. aParte I: INTRODUCCIÓN: 1. Alcances y objetivos de las finanzas -- Parte II: 2. Decisiones de inversión - 3. Criterios para el análisis de inversión - 4. Tasas de rentabilidad versus valor presente neto - 5. Definición del flujo de fondos - 6. Análisis de inversiones en condiciones de incertidumbres - 7. Análisis de portafolios de inversiones - 8. Fundamentos teóricos sobre riesgo y retorno - 9. El retorno requerido para los proyectos - 10. La inflación y el análisis de inversiones fijas y de activos de trabajo -- Parte III: 11. Los elementos del análisis de decisiones de financiamiento - 12. Cálculo del costo de las deudas - 13. El "leverage" y sus efectos - 14. Decisiones de estructura financiera - 15. La determinación del nivel de endeudamiento en la práctica - 16. Elementos para algunas decisiones en moneda extranjera - Parte IV: 17. Factores que influyen la política de dividendos - 18. Dividendos y su relación con inversiones y financiamientos. 1 aPascale, Ricardo